000 00531cam a2200205 4500
001 B2817
008 090401t1989 xxu||||| |||| 00| 0 eng d
035 _a(Sirsi) u52364
041 _aeng
050 _a382.9142
090 _aRICS 1989/82ABCD
110 _aRoyal Institution of Chartered Surveyors
_bScotland
_93082
245 _a1992: the single market
260 _aEdinburgh
_bRICS in Scotland
_c1989
300 _a22p. ; 21cm.
350 _a15
650 _aABOUT RICS-RICS MEMBERS
942 _n0
948 _c04/03/1997
999 _c93046
_d93046